| 000 | 00850nam a2200217Ia 4500 | ||
|---|---|---|---|
| 999 |
_c47185 _d47185 |
||
| 001 | 14043 | ||
| 003 | GE_BSU | ||
| 005 | 20200207113022.0 | ||
| 008 | 181216s1990||||ge |||||||||||||| ||geo|| | ||
| 020 | _a550501185 | ||
| 040 | _cGE_BSU | ||
| 041 | _ageo | ||
| 080 | _a821.353.1-92 გ-59 | ||
| 100 |
_aგოგებაშვილი, იაკობ _96863 |
||
| 245 |
_aრჩეული თხზულებანი : _bტ. 2 / _cიაკობ გოგებაშვილი ; ტომის რედ. გ. სიხარულიძე |
||
| 264 |
_aთბილისი : _bგანათლება, _c1990. |
||
| 300 |
_a511 გვ. ; _c20 სმ. |
||
| 653 | _aრჩეული თხზულებანი | ||
| 700 |
_aსიხარულიძე, გ. _eრედაქტორი _96864 |
||
| 942 |
_cBK _2udc |
||